=LDR 00000nam 2200000 4500 =001 INLIS000000000027597 =005 20130612125947 =008 ***********************************Ind** =035 ##$$0010-061300000027597 =041 ##$$a Ind =082 ##$$a 633.8 =090 ##$$a 633.8, pit t =100 ##$$a Pitojo,Setijo =245 ##$$a Tanaman bumbu dan pewarna nabati, Setijo Pitojo,Dra Zumiati =260 ##$$a 2003 $b Semarang =300 ##$$a vi,154 hlm, ilus, 21 cm =850 ##$$a NBPNMAT =990 ##$$a 92800/BPAP-NTB/2014 =990 ##$$a 2090101242/BPAP-NTB/2015 =990 ##$$a 0001/BPAP-NTB/2016 =990 ##$$a 1270112701 =990 ##$$a 01201712701 =990 ##$$a 92800/BPAP-NTB/2014 =990 ##$$a 2090101242/BPAP-NTB/2015 =990 ##$$a 0001/BPAP-NTB/2016